[Event "XLI C.to Italiano"]
[Site "Barcellona Pozzo di Gotto ITA"]
[Date "1981.08.??"]
[Round "12"]
[White "Albano, Marco"]
[Black "Taruffi, Daniele"]
[Result "0-1"]
[WhiteElo "2305"]
[BlackElo "2380"]
[PlyCount "76"]
[EventDate "1981.08.01"]

1. e4 e6 2. d4 b6 3. Bd3 Bb7 4. Ne2 c5 5. O-O Nc6 6. d5 exd5 7. exd5 Ne5 8. Ng3
Be7 9. Re1 d6 10. Bb5+ Kf8 11. Nf5 a6 12. Nxe7 Nxe7 13. Be2 Bxd5 14. f4 N5g6
15. c4 Bb7 16. Nc3 f6 17. Bf3 Bxf3 18. Qxf3 Kf7 19. Be3 Re8 20. Rad1 Ra7 21. h4
Nc8 22. h5 Nge7 23. h6 g6 24. g4 Rd7 25. Bf2 Ng8 26. Ne4 Kf8 27. Re2 d5 28.
Nxc5 bxc5 29. Bxc5+ Kf7 30. cxd5 Rxe2 31. Qxe2 Rxd5 32. Qc4 Nce7 33. b3 Qd7 34.
f5 gxf5 35. Re1 fxg4 36. Qc2 Qf5 37. Qc4 Qd3 38. Qxg4 Rg5 0-1

[Event "XLI C.to Italiano"]
[Site "Barcellona Pozzo di Gotto ITA"]
[Date "1981.08.??"]
[Round "12"]
[White "Cocchi, Andrea"]
[Black "Coppini, Giorgio"]
[Result "0-1"]
[WhiteElo "2265"]
[BlackElo "2195"]
[PlyCount "82"]
[EventDate "1981.08.01"]

1. e4 c6 2. d4 d5 3. exd5 cxd5 4. Bd3 Nc6 5. c3 Nf6 6. Bf4 Bg4 7. Qb3 Qc8 8.
Nd2 e6 9. Ngf3 Be7 10. O-O O-O 11. h3 Bh5 12. Rfe1 Bg6 13. Bxg6 hxg6 14. Ne5
Rd8 15. Ndf3 Bd6 16. Ng5 Bxe5 17. Bxe5 Nxe5 18. dxe5 Nd7 19. Qb4 Qc5 20. Qf4
Qe7 21. Re3 Nf8 22. Rf3 Rd7 23. Rd1 Rc8 24. Rd4 b5 25. h4 Rc4 26. Rxc4 bxc4 27.
Qd4 Qd8 28. b4 Nh7 29. Nxh7 Kxh7 30. Rf4 Qb6 31. Qd1 Qc7 32. h5 g5 33. Rg4 Qxe5
34. Rxc4 dxc4 35. Qxd7 Qe1+ 36. Kh2 Qxf2 37. Qc6 Qf4+ 38. g3 Qd2+ 39. Kh3 Qxc3
40. Qc7 Qd3 41. Qxa7 c3 0-1

[Event "XLI C.to Italiano"]
[Site "Barcellona Pozzo di Gotto ITA"]
[Date "1981.08.??"]
[Round "12"]
[White "Passerotti, Pierluigi"]
[Black "Martorelli, Antonio"]
[Result "1-0"]
[WhiteElo "2320"]
[BlackElo "2270"]
[PlyCount "143"]
[EventDate "1981.08.01"]

1. e4 c5 2. Nf3 e6 3. d4 cxd4 4. Nxd4 Nc6 5. Nb5 d6 6. c4 Nf6 7. N1c3 a6 8. Nd4
Be7 9. Be2 Qb6 10. Nb3 O-O 11. O-O Qc7 12. Bf4 Ne5 13. Rc1 b6 14. Kh1 Bb7 15.
f3 Rac8 16. Re1 Qb8 17. Nd2 Rfd8 18. Qa4 Qa8 19. Bf1 Nfd7 20. b4 Qb8 21. Bg3
Nf6 22. Bf2 Ned7 23. Qb3 Bf8 24. Rb1 d5 25. cxd5 exd5 26. exd5 Bd6 27. Nde4
Nxe4 28. Nxe4 Bxh2 29. g3 Ne5 30. Kxh2 Bxd5 31. Qe3 Rc2 32. Re2 Rc4 33. Nd2
Rh4+ 34. Kg1 Rh5 35. Rbe1 Bc6 36. Bg2 Bb5 37. g4 Nxg4 38. fxg4 Qh2+ 39. Kf1 Re5
40. Nf3 Rxe3 41. Nxh2 Rxe2 42. Rxe2 Rd2 43. Bf3 Bxe2+ 44. Bxe2 b5 45. Be1 Rxa2
46. Nf3 Ra1 47. Ne5 Rc1 48. Nd3 Rc6 49. Bf3 Rf6 50. Ke2 g6 51. Nc5 Rd6 52. Bg3
Rd4 53. Nxa6 f5 54. gxf5 gxf5 55. Be5 Rd7 56. Ke3 Ra7 57. Bd5+ Kf8 58. Nc5 h5
59. Ne6+ Kg8 60. Nf4+ Kh7 61. Nxh5 Ra4 62. Bd6 Kh6 63. Nf4 Kg5 64. Nd3 Kg4 65.
Bf3+ Kh4 66. Be5 Ra6 67. Kf4 Ra4 68. Kxf5 Kh3 69. Bc6 Ra3 70. Nf4+ Kg3 71. Bxb5
Rf3 72. Bc6 1-0

[Event "XLI C.to Italiano"]
[Site "Barcellona Pozzo di Gotto ITA"]
[Date "1981.08.??"]
[Round "12"]
[White "Santolini, Luigi"]
[Black "Ceschia, Ivano"]
[Result "1-0"]
[WhiteElo "2205"]
[BlackElo "2275"]
[PlyCount "65"]
[EventDate "1981.08.01"]

1. d4 Nf6 2. c4 g6 3. Nc3 Bg7 4. e4 O-O 5. Be2 d6 6. Bg5 h6 7. Be3 e5 8. d5 Na6
9. Qd2 Kh7 10. f3 Bd7 11. g4 Nc5 12. h4 Ne8 13. h5 g5 14. Nh3 a6 15. Nf2 a5 16.
b3 b6 17. O-O Nf6 18. Rab1 Qe7 19. a3 a4 20. b4 Nb3 21. Qb2 Rfb8 22. b5 Nd4 23.
Bd1 Ra5 24. Nd3 Rba8 25. Qf2 R8a7 26. Bxd4 exd4 27. Ne2 Ra8 28. Nxd4 Nxg4 29.
fxg4 Qxe4 30. Nf5 Qxd3 31. Nxg7 Qxc4 32. Ne6 Be8 33. Qf5+ 1-0

[Event "XLI C.to Italiano"]
[Site "Barcellona Pozzo di Gotto ITA"]
[Date "1981.08.??"]
[Round "12"]
[White "Tassi, Oliviero"]
[Black "Bruno, Fabio"]
[Result "1-0"]
[WhiteElo "2200"]
[BlackElo "2260"]
[PlyCount "89"]
[EventDate "1981.08.01"]

1. c4 c5 2. Nf3 Nf6 3. g3 e6 4. d4 cxd4 5. Nxd4 Qc7 6. Nd2 Nc6 7. Nb5 Qb8 8.
Bg2 a6 9. Nc3 b5 10. O-O Be7 11. c5 Bxc5 12. Nde4 Nxe4 13. Nxe4 Bb6 14. Bf4 Bc7
15. Bxc7 Qxc7 16. Rc1 O-O 17. Qc2 Bb7 18. Rfd1 d5 19. Nc5 Rfc8 20. e4 Qb6 21.
Nxb7 Qxb7 22. exd5 Nb4 23. Qxc8+ Rxc8 24. dxe6 Rxc1 25. Rxc1 Qb8 26. e7 Nd3 27.
Rc7 Ne5 28. Bb7 Ng6 29. Rc8+ Qxc8 30. Bxc8 Nxe7 31. Bxa6 b4 32. Kf1 Nd5 33. Ke2
Nb6 34. Kd3 Kf8 35. Kd4 Na4 36. b3 Nc3 37. a4 Ke7 38. Kc4 Na2 39. Kc5 Kd7 40.
Bc4 f6 41. Kb6 Nc3 42. a5 Kc8 43. a6 Kb8 44. a7+ Ka8 45. Ka6 1-0

[Event "XLI C.to Italiano"]
[Site "Barcellona Pozzo di Gotto ITA"]
[Date "1981.08.??"]
[Round "13"]
[White "Ceschia, Ivano"]
[Black "Cocchi, Andrea"]
[Result "1-0"]
[WhiteElo "2275"]
[BlackElo "2265"]
[PlyCount "95"]
[EventDate "1981.08.01"]

1. e4 c5 2. Nf3 d6 3. d4 cxd4 4. Nxd4 Nf6 5. Nc3 e6 6. Be2 Be7 7. Be3 a6 8. f4
Qc7 9. O-O O-O 10. Kh1 Nc6 11. Qe1 Bd7 12. Qg3 Kh8 13. Rad1 b5 14. a3 Rab8 15.
e5 Ne8 16. Ne4 h6 17. exd6 Nxd6 18. f5 Ne8 19. f6 Bxf6 20. Qxc7 Nxc7 21. Nxf6
gxf6 22. Bxh6 Nd5 23. Bxf8 Rxf8 24. Bf3 Nce7 25. Bxd5 Nxd5 26. Rf3 Rc8 27. c3
Rc5 28. Nb3 Rc4 29. Rd4 Kg7 30. Rxc4 bxc4 31. Nd2 Nb6 32. Ne4 f5 33. Rg3+ Kh6
34. Nd6 f6 35. Rg8 Bc6 36. Rb8 Nd5 37. Rh8+ Kg5 38. Rc8 Ba4 39. Rxc4 Bd7 40.
Rd4 f4 41. c4 Nb6 42. Ne4+ Kf5 43. Nc5 f3 44. Nxd7 f2 45. Rd1 Nxd7 46. Rf1 Ke4
47. Rxf2 f5 48. Re2+ 1-0

[Event "XLI C.to Italiano"]
[Site "Barcellona Pozzo di Gotto ITA"]
[Date "1981.08.??"]
[Round "13"]
[White "Coppini, Giorgio"]
[Black "Tassi, Oliviero"]
[Result "1-0"]
[WhiteElo "2195"]
[BlackElo "2200"]
[PlyCount "57"]
[EventDate "1981.08.01"]

1. Nf3 Nf6 2. g3 e6 3. Bg2 Be7 4. c4 O-O 5. O-O d5 6. d4 b6 7. Ne5 Bb7 8. Nc3
Na6 9. cxd5 exd5 10. Nd3 Re8 11. Bg5 Ne4 12. Bxe7 Qxe7 13. e3 Rad8 14. Rc1 c5
15. dxc5 bxc5 16. Qa4 Nxc3 17. Rxc3 c4 18. Nf4 Nc5 19. Qa3 h6 20. Rd1 Ne4 21.
Qxe7 Rxe7 22. Rxc4 dxc4 23. Rxd8+ Kh7 24. Rd4 g5 25. Nd5 Bxd5 26. Rxd5 Nf6 27.
Rc5 Rd7 28. Rxc4 Rd2 29. Rb4 1-0

[Event "XLI C.to Italiano"]
[Site "Barcellona Pozzo di Gotto ITA"]
[Date "1981.08.??"]
[Round "13"]
[White "Martorelli, Antonio"]
[Black "Albano, Marco"]
[Result "1/2-1/2"]
[WhiteElo "2270"]
[BlackElo "2305"]
[PlyCount "34"]
[EventDate "1981.08.01"]

1. e4 e5 2. Nf3 Nc6 3. Bb5 a6 4. Ba4 Nf6 5. O-O Bc5 6. Bxc6 dxc6 7. Nxe5 Nxe4
8. Qe2 Qd5 9. d4 Bxd4 10. Nf3 Be6 11. c4 Qxc4 12. Qxc4 Bxc4 13. Nxd4 Bxf1 14.
Kxf1 O-O-O 15. Be3 c5 16. Nf3 Rd1+ 17. Ne1 Rhd8 1/2-1/2

[Event "XLI C.to Italiano"]
[Site "Barcellona Pozzo di Gotto ITA"]
[Date "1981.08.??"]
[Round "13"]
[White "Tatai, Stefano"]
[Black "Passerotti, Pierluigi"]
[Result "1-0"]
[WhiteElo "2465"]
[BlackElo "2320"]
[PlyCount "59"]
[EventDate "1981.08.01"]

1. e4 e5 2. Nf3 Nc6 3. Bb5 a6 4. Ba4 Nf6 5. O-O Nxe4 6. d4 b5 7. Bb3 d5 8. dxe5
Be6 9. Qe2 Be7 10. Rd1 O-O 11. c4 bxc4 12. Bxc4 Bc5 13. Be3 Bxe3 14. Qxe3 Qb8
15. Bb3 Na5 16. Nbd2 Nxd2 17. Rxd2 Nxb3 18. axb3 Qa7 19. Qxa7 Rxa7 20. Rc1 f6
21. Nd4 Re8 22. exf6 gxf6 23. Nxe6 Rxe6 24. Rxd5 Rb7 25. Kf1 c6 26. Rd3 Kf7 27.
Rh3 Kg6 28. Rcc3 f5 29. Rcg3+ Kf6 30. Rh6+ 1-0

[Event "XLI C.to Italiano"]
[Site "Barcellona Pozzo di Gotto ITA"]
[Date "1981.08.??"]
[Round "13"]
[White "Taruffi, Daniele"]
[Black "Santolini, Luigi"]
[Result "0-1"]
[WhiteElo "2380"]
[BlackElo "2205"]
[PlyCount "76"]
[EventDate "1981.08.01"]

1. c4 Nf6 2. g3 g6 3. Bg2 Bg7 4. Nc3 O-O 5. e3 c6 6. Qb3 d6 7. Nge2 Qc7 8. O-O
e5 9. d3 Nbd7 10. Bd2 Nc5 11. Qc2 Be6 12. b3 d5 13. d4 Bf5 14. Qd1 exd4 15.
Nxd4 Bd3 16. cxd5 Bxf1 17. Qxf1 Nxd5 18. Nxd5 cxd5 19. Bxd5 Rad8 20. Bf3 Ne6
21. Bb4 Bxd4 22. exd4 Nxd4 23. Be4 Rfe8 24. Bd3 Qc6 25. Rc1 Nf3+ 26. Kh1 Nd2+
27. Rxc6 Nxf1 28. Rxg6+ hxg6 29. Bxf1 Rd1 30. Kg2 Ra1 31. a3 Rb1 32. Bc4 Rd8
33. Bc5 a6 34. a4 Rc8 35. b4 a5 36. Bd5 Rxb4 37. Bxb4 axb4 38. Bxb7 b3 0-1